1976 1040 1085 1128 1078 1562 1271 1060 1179 1930 1500 1187 1983 1349 1720 1784 1640 1879 1315 1006 1299 1846 1097 1107 1343 1766 1291 1053 1249 1777 1000 1665 1383 1366 1549 1092 1942 1418 1845 1315 1563 1030 1034 1127 1486 1252 1464 1126 1460 1546 1866 1858 1577 1847 1802 1609 1243 1219 1722 1561 1251 1694 1731 1562 1312 1200 1747 1986 1334 1746 1994 1501 1993 1514 1067 1923 1888 1033 1436 1809 1703 1926 1066 1774 1742 1536 1874 1972 1757 1581 1560 1142 1119 1065 1771 1303 1883 1924 1140 BCNSPRNW ULIB Ver.6.0+V

เปลี่ยนเป็นภาษาไทย

Change to English
 แสดงรายละเอียดบรรณานุกรม
  กลับหน้าหลัก

Brief Record : Get Marc (ISO 2709) : E-mail record : QR code < ปิดหน้าต่าง
LEADER : 00000nam 2200000uu 4500
001    13399112988
003     ULIB
008    110921s2551||||th 000 0 tha d
020    9789741618149
060 04 QV55^bจ527ค 2551
100 0  จิรัชฌา อุดมชัยสกุล
245 10 คู่มือร้านยาเรื่องความรู้เรื่องยาเบื้องต้น :^bแนวทางการซักถามอาการเพื่อให้การรักษาเบื้องต้น การบริหารร้านยาเพื่อให้เกิดประสิทธิผล /^cเรียบเรียงโดย จิรัชฌา อุดมชัยสกุล
246 14 คู่มือร้านยาความรู้เรื่องยาเบื้องต้นและแนวทางการซักถามอาการเพื่อให้การรักษาเบื้องต้น
246 30 ความรู้เรื่องยาเบื้องต้นและ :^bแนวทางการซักถามอาการเพื่อให้การรักษาเบื้องต้น การบริหารร้านยาเพื่อให้เกิดประสิทธิผล
250    พิมพ์ครั้งที่ 1
260    กรุงเทพฯ :^bศิษฎิกร,^c2551
300    144 หน้า :^bภาพประกอบ ;^c21 ซม.
650  4 การใช้ยา
650  4 การรักษาด้วยยา
650  4 ยา^vคู่มือ
650  4 ร้านขายยา^xการบริหาร
945    ^p240^l0^i18593
995    กัณชพร
999 ^a ใช้งานได้ทุกระบบ
รายการนี้ยังไม่มีแท็ก
คุณยังไม่ได้ล็อกอิน คุณสามารถมีกิจกรรมร่วมกับเว็บไซต์ได้ แต่ต้องล็อกอินก่อน ::
  ล็อกอิน

รายการสื่อสารสนเทศ

ลำดับที่ ประเภท เลขเรียก/บาร์โค้ด สถานที่ สถานะ
1. วิทยาศาสตร์การแพทย์ และสุขภาพ
วิทยาศาสตร์การแพทย์ และสุขภาพ
QV55 จ527ค 2551  
  Barcode: 18593
ห้องสมุดวิทยาเขตนครสวรรค์
►ส่วนจัดเก็บหนังสือเก่า นว.
บนชั้น
  ขอยืม

รายการใกล้เคียง
    ผู้แต่ง [จิรัชฌา อุดมชัยสกุล]

    หัวเรื่อง [การใช้ยา]
    หัวเรื่อง [การรักษาด้วยยา]

BibComment


ยังไม่เคยถูกคอมเมนท์

คอมเมนท์ทรัพยากรรายการนี้
  คอมเมนท์: คู่มือร้านยาเรื่อ..


 Copyright 2026. Bcnsprnw @Library